| 000 | 00378nam a2200157Ia 4500 | ||
|---|---|---|---|
| 008 | 220524s9999 xx 000 0 und d | ||
| 020 | _a9781780674728 | ||
| 041 | _aeng | ||
| 082 | _a746.43 | ||
| 100 |
_aElliott , S. _98350 |
||
| 245 | _aKnit : Innovations in Fashion, Art, Design | ||
| 260 |
_bLaurence King _c2015 |
||
| 650 |
_aKnitting _98351 |
||
| 906 | _a | ||
| 999 |
_c7811 _d7811 |
||